Vplyv zotrvačnosti vody na priebeh plnenia plavebných komôr dlhými obtokmi
Gespeichert in:
| 1. Verfasser: | |
|---|---|
| Format: | Buch |
| Sprache: | Slowakisch |
| Veröffentlicht: |
Bratislava :
STU v Bratislave,
2009
|
| Ausgabe: | 1. vyd. |
| Schriftenreihe: | Edícia vedeckých prác
zošit č.71 |
| Tags: |
Keine Tags, Fügen Sie das erste Tag hinzu!
|
MARC
| LEADER | 00000nam a22000003a 4500 | ||
|---|---|---|---|
| 001 | stu197475 | ||
| 005 | 20221212133758.4 | ||
| 008 | 091222s2009----xo------------------slo-d | ||
| 020 | |a 978-80-227-3122-5 | ||
| 040 | |a STU |b slo | ||
| 041 | 0 | |a slo | |
| 044 | |a xo | ||
| 100 | 1 | |a Cabadaj, Roman, |d 1977- |4 aut |u V170 |9 100 |U SvF Stavebná fakulta |T SvF Katedra hydrotechniky |X 711 |U V170 |Y 17 |7 A000000711 | |
| 245 | 1 | |a Vplyv zotrvačnosti vody na priebeh plnenia plavebných komôr dlhými obtokmi | |
| 250 | |a 1. vyd. | ||
| 260 | |a Bratislava : |b STU v Bratislave, |c 2009 | ||
| 300 | |a 85 s. | ||
| 830 | 0 | |a Edícia vedeckých prác |v zošit č.71 | |
| 996 | |b 284V033305 |c V*2464/DP-739 |l VVS |s P |a 0 |w stu197475_0001 | ||